header

Understanding US/UK government and politics (Record no. 55272)

MARC details
000 -LEADER
fixed length control field 01241nam a2200325Ia 4500
082 04 - DEWEY DECIMAL CLASSIFICATION NUMBER
Classification number 320.941
100 1# - MAIN ENTRY--AUTHOR NAME
Personal name Watts, Duncan.
245 10 - TITLE STATEMENT
Title Understanding US/UK government and politics
260 ## - PUBLICATION, DISTRIBUTION, ETC. (IMPRINT)
Place of publication Manchester :
Name of publisher Manchester University Press,
Year of publication 2003.
300 ## - PHYSICAL DESCRIPTION
Number of Pages vii, 333 p.
490 1# - SERIES STATEMENT
Series statement Understanding politics
650 #0 - SUBJECT ADDED ENTRY--TOPICAL TERM
Topical Term Politics, Practical.
856 40 - ELECTRONIC LOCATION AND ACCESS
Uniform Resource Identifier http://site.ebrary.com/lib/rucke/Doc?id=10082134

No items available.

© 2026 Rongo University
Contact us: librarian | system librarian | Rongo university